| 000 | 00783nam a2200229Ia 4500 | ||
|---|---|---|---|
| 005 | 20250108125057.0 | ||
| 008 | 008 250107s9999 xx 000 0 hin d | ||
| 020 | _a978-93-88793-05-6 | ||
| 037 | _aTB | ||
| 040 |
_aCRL _bhin _cCRL |
||
| 041 |
_ahin _2hin |
||
| 084 | _aO152,3NRO,FT Q6 | ||
| 084 | _qCRL | ||
| 100 | _aराय, हरियश, संपा. | ||
| 245 | 0 |
_aकथा - कहानी _cराय, हरियश, संपा. |
|
| 260 |
_aदिल्ली, भारत _bअनुज्ञा प्रकाशन _c3228 |
||
| 300 | _a400पृ0 | ||
| 365 |
_aINR _b685 |
||
| 650 |
_aहिन्दी कहानीहिन्दी साहित्य _9729733 |
||
| 942 |
_cTB _hO152,3NRO,FT Q6 |
||
| 999 |
_c1235616 _d1235616 |
||